| 000 | 00384cam a22001451 4500 | ||
|---|---|---|---|
| 040 | _cDLC | ||
| 082 | 0 | 0 | _a575 JOH 1969 A111 Or. |
| 245 | 0 | 0 | _aHaldane and modern biology. |
| 260 |
_aBaltimore, _bJohns Hopkins Press _c[1968] |
||
| 300 |
_axvi, 333 p. _billus., ports. _c24 cm. |
||
| 650 | 0 | _aGenetics. | |
| 700 | 1 | _aHaldane, J. B. S. | |
| 700 | 1 | _aDronamraju, Krishna R., | |
| 942 | _cEK | ||
| 999 |
_c16654 _d16654 |
||